Korea confronts the future

Bibliographic Details
Main Author: Kotch, John Barry, 1940-
Corporate Author: ProQuest (Firm)
Other Authors: Richter, Frank-Jurgen.
Format: Electronic eBook
Language:English
Published: Singapore : Marshall Cavendish Editions, c2005.
Subjects:
Online Access:Click to View
LEADER 01251nam a2200337Ia 4500
001 EBC433477
003 MiAaPQ
005 20200520144314.0
006 m o d |
007 cr cn|||||||||
008 111102s2005 si s 001 0 eng d
020 |z 9789812328359 
035 |a (MiAaPQ)EBC433477 
035 |a (Au-PeEL)EBL433477 
035 |a (CaPaEBR)ebr10515524 
035 |a (OCoLC)437122444 
040 |a MiAaPQ  |c MiAaPQ  |d MiAaPQ 
050 4 |a HC467  |b .K68 2005 
100 1 |a Kotch, John Barry,  |d 1940- 
245 1 0 |a Korea confronts the future  |h [electronic resource] /  |c Johan Barry Kotch and Frank-Jurgen Richter. 
260 |a Singapore :  |b Marshall Cavendish Editions,  |c c2005. 
300 |a xiii, 212 p. 
500 |a Includes index. 
533 |a Electronic reproduction. Ann Arbor, MI : ProQuest, 2015. Available via World Wide Web. Access may be limited to ProQuest affiliated libraries. 
651 0 |a Korea (South)  |x History. 
651 0 |a Korea (South)  |x Economic conditions. 
651 0 |a Korea (South)  |x Foreign economic relations. 
655 4 |a Electronic books. 
700 1 |a Richter, Frank-Jurgen. 
710 2 |a ProQuest (Firm) 
856 4 0 |u https://ebookcentral.proquest.com/lib/matrademy/detail.action?docID=433477  |z Click to View